Centro de Estudios de Historia de México Condumex (Record no. 173)
[ view plain ]
| 000 -CABECERA | |
|---|---|
| campo de control de longitud fija | 00964nam a2200217 a 4500 |
| 001 - NÚMERO DE CONTROL | |
| campo de control | BRCA_212 |
| 005 - FECHA Y HORA DE LA ÚLTIMA TRANSACCIÓN | |
| campo de control | 20190320202923.0 |
| 008 - DATOS DE LONGITUD FIJA--INFORMACIÓN GENERAL | |
| campo de control de longitud fija | 920526s1991 mx-#---##b---#000-0#spa-# |
| 040 ## - FUENTE DE LA CATALOGACIÓN | |
| Centro catalogador/agencia de origen | DLC |
| Centro/agencia transcriptor | DLC |
| 050 #4 - SIGNATURA TOPOGRÁFICA DE LA BIBLIOTECA DEL CONGRESO | |
| Número de clasificación | Z1426 |
| Número de documento/Ítem | .C46 1991 |
| 245 10 - MENCIÓN DE TÍTULO | |
| Título | Centro de Estudios de Historia de México Condumex |
| Resto del título | fondos virreinales que se conservan hasta la fecha en su archivo histórico : lista en orden cronológico desde 1491 hasta 1821 |
| Mención de responsabilidad, etc. | compilación por Josefina Moguel Flores. |
| 260 ## - PUBLICACIÓN, DISTRIBUCIÓN, ETC. | |
| Lugar de publicación, distribución, etc. | Chimalistac, Ciudad de México |
| Nombre del editor, distribuidor, etc. | El Centro |
| Fecha de publicación, distribución, etc. | 1991 |
| 300 ## - DESCRIPCIÓN FÍSICA | |
| Extensión | 85 p. |
| Dimensiones | 21 cm. |
| 610 24 - PUNTO DE ACCESO ADICIONAL DE MATERIA--NOMBRE DE ENTIDAD CORPORATIVA | |
| Nombre de entidad corporativa o nombre de jurisdicción como elemento de entrada | Centro de Estudios de Historia de México Condumex (CARSO) |
| Unidad subordinada | Archivo Histórico |
| Subdivisión general | Catálogos |
| 9 (RLIN) | 734 |
| 650 14 - PUNTO DE ACCESO ADICIONAL DE MATERIA--TÉRMINO DE MATERIA | |
| Término de materia o nombre geográfico como elemento de entrada | Manuscritos mexicanos |
| Subdivisión general | Catálogos |
| Subdivisión geográfica | México |
| 9 (RLIN) | 735 |
| 651 #4 - PUNTO DE ACCESO ADICIONAL DE MATERIA--NOMBRE GEOGRÁFICO | |
| Nombre geográfico | México |
| Subdivisión de forma | Catálogos |
| Subdivisión general | Historia |
| Subdivisión cronológica | A 1810 |
| 9 (RLIN) | 736 |
| 651 #4 - PUNTO DE ACCESO ADICIONAL DE MATERIA--NOMBRE GEOGRÁFICO | |
| Nombre geográfico | México |
| Subdivisión de forma | Fuentes |
| Subdivisión general | Historia |
| Subdivisión cronológica | Guerra de Independencia, 1810-1821 |
| 9 (RLIN) | 737 |
| 653 0# - TÉRMINO DE INDIZACIÓN--NO CONTROLADO | |
| Término no controlado | Acervo CONDUMEX - CARSO |
| 700 1# - PUNTO DE ACCESO ADICIONAL--NOMBRE DE PERSONA | |
| Nombre de persona | Moguel, Josefina |
| 9 (RLIN) | 738 |
| 942 ## - ELEMENTOS DE PUNTO DE ACCESO ADICIONAL (KOHA) | |
| Fuente del sistema de clasificación o colocación | Library of Congress Classification |
| Tipo de ítem Koha | Libros |
| Estado de retiro | Estado de pérdida | Estado dañado | No para préstamo | Localización permanente | Ubicación/localización actual | Fecha de adquisición | Total de préstamos | Signatura topográfica completa | Código de barras | Fecha visto por última vez | Precio válido a partir de | Tipo de ítem Koha |
|---|---|---|---|---|---|---|---|---|---|---|---|---|
| El ejemplar forma parte de la colección y puede ser consultado según las políticas vigentes. | Biblioteca del Museo Franz Mayer (Rogerio Casas-Alatriste) | Biblioteca del Museo Franz Mayer (Rogerio Casas-Alatriste) | 25/06/2008 | Z1426 .C46 1991 | 00276 | 22/03/2019 | 22/03/2019 | Libros |